ISO 9000 in construction

Αποθηκεύτηκε σε:
Λεπτομέρειες βιβλιογραφικής εγγραφής
Κύριος συγγραφέας: Nee, Paul A. 1941-
Μορφή: Βιβλίο
Γλώσσα:English
Δημοσίευση: New York : John Wiley, c1996
Θέματα:
Ετικέτες: Προσθήκη ετικέτας
Δεν υπάρχουν, Καταχωρήστε ετικέτα πρώτοι!

MARC

LEADER 00000nam a2200000 i 4500
001 1/104037
008 000306s1996 eng d
020 |a 0471121215 
035 |l 10058695 
040 |a GR-MY-UA  |b gre  |e aacr 
041 0 |a eng 
082 0 |a 658.562 
100 1 |a Nee, Paul A.  |d 1941- 
245 1 0 |a ISO 9000 in construction /  |c Paul A. Nee 
260 |a New York :   |b John Wiley,   |c c1996 
300 |a vii, 215 p.;  |b ill.;  |c 24 cm. 
504 |a Includes index 
650 0 0 |a Engineering contracts  |x Standards. 
650 0 0 |a ISO 9000 Series Standards. 
650 0 0 |a Construction industry  |x Quality control. 
852 |a INST  |b SAMOS  |e 20000306  |h 658.562 NEE  |p 005300015440  |q 005300015440  |t BK  |y 0 
901 |a BIBL3-2000-1 
909 |a Σ  |b 067683 
922 |a 3ΕΛΗ  |b 200003  |c ΤΠΕΣ/ΤΑΚΤ  |d ΠΑΠΑΣΩΤΗΡΙΟΥ 
970 |a ΠΟΥΡΝΑΡΑΣ  |b ΔΗΜΗΤΡΗΣ  |z 2000/03/06